Time-driven activity based costing jako součást manažerského informačního systému

Ukážka architektúry manažérskeho informačného systému na príklade produktu PROZESSMANAGER. Zaradenie Time-driven ABC systémov v rámci indormačného systému podniku. Implementácia Time-driven ABC. Manažérsky kokpit.

Guardado en:
Detalles Bibliográficos
Autor principal: Coners, André
Otros Autores: Hardt, Gerrit von der
Formato: Capítulo de libro
Lenguaje:checo
Materias:
Etiquetas: Agregar Etiqueta
Sin Etiquetas, Sea el primero en etiquetar este registro!

MARC

LEADER 00000naa$a2200000$$$4500
001 0042381
005 20230509081646.6
041 0 |a cze 
044 |a CZ 
245 1 0 |a Time-driven activity based costing jako součást manažerského informačního systému  |c André Coners, Gerrit Hardt von der 
520 |a Ukážka architektúry manažérskeho informačného systému na príklade produktu PROZESSMANAGER. Zaradenie Time-driven ABC systémov v rámci indormačného systému podniku. Implementácia Time-driven ABC. Manažérsky kokpit. 
610 2 0 |a metóda ABC 
610 2 0 |a systémy informačné manažérske 
610 2 0 |a systémy informačné podnikové 
610 2 0 |a produkty softvérové 
100 1 |a Coners, André 
700 1 |a Hardt, Gerrit von der